Catálogo

Vista normal Vista MARC

Entrada Personal Name

Número de registros utilizados en: 1

001 - CONTROL NUMBER

  • control field: 15048

003 - CONTROL NUMBER IDENTIFIER

  • control field: DLC

005 - DATE AND TIME OF LATEST TRANSACTION

  • control field: 20231026090452.0

008 - FIXED-LENGTH DATA ELEMENTS

  • fixed length control field: 020809n| azannaabn |a aaa

010 ## - LIBRARY OF CONGRESS CONTROL NUMBER

  • LC control number: n 2002039942

040 ## - CATALOGING SOURCE

  • Original cataloging agency: DLC
  • Language of cataloging: spa
  • Description conventions: rda
  • Transcribing agency: Mx-PuUPA
  • Modifying agency: DLC
  • Modifying agency: Mx-PuUPA

046 ## - SPECIAL CODED DATES

  • Birth date: 19301217
  • Death date: 20190506
  • Source of date scheme: edtf

100 1# - HEADING--PERSONAL NAME

  • Personal name: Ridruejo, Esperanza,

370 ## - ASSOCIATED PLACE

  • Place of birth: Seville (Spain)
  • Source of term: naf
  • Source of information: Memorias de Pitita, 2002

370 ## - ASSOCIATED PLACE

  • Place of birth: Soria (España)
  • Place of death: Madrid (España)
  • Associated country: España
  • Associated country: Filipinas
  • Place of residence/headquarters: Madrid (España)
  • Place of residence/headquarters: Marbella (España)
  • Source of term: naf
  • Source of information: El país WWW site, viewed May 6, 2019

374 ## - OCCUPATION

  • Occupation: Autor

375 ## - GENDER

  • Gender: mujer

377 ## - ASSOCIATED LANGUAGE

  • Language code: spa

400 1# - SEE FROM TRACING--PERSONAL NAME

  • Personal name: Ridruejo, Pitita

670 ## - SOURCE DATA FOUND

  • Source citation: Ridruejo, E., Memorias de Pitita, 2002:
  • Information found: t.p. (Esperanza Ridruejo) p. 15, etc. (Pitita Ridruejo; b. 1930?, Seville, Spain)

670 ## - SOURCE DATA FOUND

  • Source citation: El país WWW site, viewed May 6, 2019
  • Information found: (in obituary dated May 6, 2019: Esperanza Ridruejo, better known as Pitita Ridruejo, died this Monday morning [May 6, 2019] at her home in Madrid at age 88; born in Soria, Dec. 17, 1930; married the Filipino diplomat José Manuel (Mike) Stilianopoulos; they lived for several years in the Philippines; Pitita Ridruejo adopted her husband's nationality but always remained joined to Spain; Stilianopoulos abandoned his diplomatic career in 1983 and the couple settled permanently in Spain; they divided their time between Madrid and Marbella, Málaga)